Risk-based auditing
Αποθηκεύτηκε σε:
| Κύριος συγγραφέας: | |
|---|---|
| Μορφή: | Βιβλίο |
| Γλώσσα: | English |
| Δημοσίευση: |
Aldershot, Hants, England ; Burlington, VT :
Gower,
c2005
|
| Θέματα: | |
| Ετικέτες: |
Προσθήκη ετικέτας
Δεν υπάρχουν, Καταχωρήστε ετικέτα πρώτοι!
|
MARC
| LEADER | 00000nam a2200000 i 4500 | ||
|---|---|---|---|
| 001 | 1/57166 | ||
| 008 | 071008s2005 eng d | ||
| 020 | |a 0-566-08652-2 | ||
| 035 | |l 10091271 | ||
| 040 | |a GR-MY-UA |b gre |e aacr | ||
| 041 | 0 | |a eng | |
| 082 | 0 | |a 657.458 |2 (22) | |
| 100 | 1 | |a Griffths, Phil |d 1952- | |
| 245 | 1 | 0 | |a Risk-based auditing / |c Phil Griffiths |
| 260 | |a Aldershot, Hants, England ; Burlington, VT : |b Gower, |c c2005 | ||
| 300 | |a vii, 220 σ.; |c 24 εκ. | ||
| 504 | |a Περιλαμβάνει ευρετήριο | ||
| 650 | 0 | 0 | |a Auditing, Internal. |
| 650 | 0 | 0 | |a Risk management. |
| 852 | |a INST |b CHIOS |e 20071008 |h 657.458 GRI |p 005200028795 |q 005200028795 |t BK |y 0 | ||
| 901 | |a BIBL2-2007-3 | ||
| 909 | |a Χ |b 139437 | ||
| 922 | |a 2ΕΛΗ |b 200709 |c ΕΠΕΑΕΚ2/ΤΔΕ |d ΠΑΠΑΣΩΤΗΡΙΟΥ | ||
| 970 | |a ΒΑΣΙΛΑΚΗ |b ΝΙΚΗ |z 2007/10/08 | ||